000 01213cam a22003853a 4500
001 0000753
003 DO-SdBNP
005 20180223103943.0
007 0000753
008 861112 2006 sp a 000 0 spa d
010 _a
020 _a8420464503
040 _aBPMSU
_cspa
_dBPMSU
_d
082 _a823.91
_bD131c 2006
100 1 _aDahl, Roald,
_d1916-1990
240 1 _aCharlie and the chocolate factory
_lEspañol
245 1 0 _aCharlie y la fábrica de chocolate /
_cRoald Dahl ; ilustraciones Quentin Blake ; traducción Verónica Head
250 _a66a. ed.
260 _aMadrid, España :
_bAlfaguara,
_c2006.
_b
300 _a199 p. :
_bil. ;
_c21 cm.
490 0 _aAlfaguara juvenil
500 _aIncluye datos biográficos del autor.
500 _aLiteratura para niños a partir de los 12 años.
521 _aA partir de 12 años.
600 0 0 _a
_x
650 _aNOVELA JUVENIL INGLESA
650 _aLITERATURA JUVENIL INGLESA
700 1 2 _aBlake, Quentin
_eil.
700 1 2 _aHead, Verónica
_etrad.
830 0 _aAlfaguara juvenil
942 _2ddc
_cBK
945 _aInventariado, 2018/LP
956 _aYLOCKWARD
_b10
956 _aVMATEO
_b10
_c20161110
_dBPMSU
_f0069
999 _c11681
_d11681